000 00964nam a2200289 a 4500
001 000023599
003 OSt
005 20220531083955.0
008 100719s1968 sp 000 e spa d
040 _aDO-SdBNP
_bspa
_cBNPHU
049 _aBNGR
082 _a864.6
_bU54alg, 1968
100 1 _aUnamuno, Miguel de,
_d1864-1936
_96254
245 1 0 _aAlgunas consideraciones sobre la literatura hispanoamericana /
_cMiguel de Unamuno.
250 _a3a ed.
260 _aMadrid :
_bEspasa-Calpe,
_c1968.
300 _a154 p. ;
_c18 cm.
490 1 _aAustral. Verde: ensayos y filosofía
_v703
500 _aIncluye índice de autores.
504 _aIncluye referencias bibliográficas y notas al pie de las páginas.
590 _aInventariado, 2020 / DG
650 4 _aEnsayos españoles
_93095
650 4 _aLiteratura española
_9632
830 0 _aAustral.
_pVerde: ensayos y filosofía;
_v703
_98733
910 _aInventariado, 2020 / DG
942 _2ddc
_cLF1
999 _c23095
_d23095